| 000 -GUIDE |
| Champ de contrôle de longueur fixe |
02871nam a22002897a 4500 |
| 003 - IDENTITÉ DU NUMÉRO DE CONTRÔLE |
| Champ de contrôle |
BI-BuBU |
| 008 - ÉLÉMENTS DE LONGUEUR FIXE - RENSEIGNEMENTS GÉNÉRAUX |
| Champ de contrôle de longueur fixe |
140822t2014 bd ||||dr|||| 000 0 fre d |
| 037 ## - SOURCE D'ACQUISITION |
| Source d'acquisition et du numéro d'inventaire |
Don de l' auteur |
| 039 ## - NIVEAU DE CONTRÔLE BIBLIOGRAPHIQUE ET HISTORIQUE D'ENCODAGE [OBSOLETE] |
| Date creation |
20140822103152.0 |
| Nom catalographe |
Marie Goretti Ndayizeye |
| 040 ## - SOURCE DU CATALOGAGE |
| Organisme qui a effectué le catalogage original |
BI-BuBU |
| Code de la langue utilisée dans le catalogage |
fre |
| Organisme qui a effectué la transcription |
BI-BuBU |
| 041 0# - CODE DE LANGUE |
| Code de langue du texte/de la piste sonore ou du titre distinct |
fre |
| 080 ## - INDICE DE LA CLASSIFICATION DÉCIMALE UNIVERSELLE (CDU) |
| Indice de la Classification décimale universelle |
551.311.2 |
| 100 1# - VEDETTE PRINCIPALE - NOM DE PERSONNE |
| Code de relation |
aut |
| Nom de personne |
Sumba Gasangwa, Innocent |
| 245 10 - MENTION DU TITRE |
| Titre |
Evaluation des risques géologiques et hydrologiques |
| Reste du titre |
cas de l' inondation et alluvionnement dans la cité d' Uvira |
| Mention de responsabilité, etc. |
Innocent Sumba Gasangwa |
| 260 ## - PUBLICATION, DIFFUSION, ETC. (ADRESSE BIBLIOGRAPHIQUE) |
| Lieu de publication, diffusion, etc. |
Bujumbura |
| Nom de l'éditeur, diffuseur, etc. |
Université du Burundi, Faculté des sciences |
| Date of publication, distribution, etc |
2014 |
| 300 ## - DESCRIPTION MATÉRIELLE |
| Collation |
X-57 f. |
| Dimensions |
30 cm. |
| 500 ## - NOTE GÉNÉRALE |
| Note générale |
Mémoire présenté et soutenu publiquement en vue de l' obtention du grade de Licencié en Sciences de la Terre |
| 520 ## - RÉSUMÉ, ETC. |
| Résumé, etc. |
Notre sujet de mémoire intitulé " Evaluation des risques géologiques et hydrologiques: cas de l' innondation et alluvionnement dans la cité d' Uvira" consiste à évaluer l' état des lieux des inondations et des alluvionnements dans la cité d' Uvira; leurs impacts sur la vie de la population de cette localité et de leurs biens et déterminer quelques mesures de réduction de leurs effets.<br/>Nous avons alors constaté que la cité d' Uvira est traversée par des cours d' eau pérennes( du nord au sud: Kavimvira, Mulongwe et Kalimabenge) et saisonniers ( au nombre de 5 : Kangenge, Kamongola, Nyarumanga, Kakungwe et Kibondwe) qui sont responsables de ces innondations en cas des crues et cela est accentué non seulement par la géomorphologie de la région( en effet , la cité d' Uvira est surplombée par les monts MITUMBA d'où prennent source tous ces cours d' eau) mais également par l' urbanisation croissante de la cité qui favorise le ruisselement à la place de l' infiltration.<br/>Ces inondations accompagnées d' alluvionnements provoquent beaucoup de dégâts humains et matériels ( nous pouvons parler ici de la mort des personnes et de la desrtuction des maisons, des ponts, des routes).<br/> L' administration de la cité d' Uvira en collaboration avec des ONGs locales et internationales essaient d'entreprendre des actions visant à réduire les dégâts causés par ces innondations et leurs alluvionnements.Nous avons alors essayé d' inventorier par recherche bibliographique d' autres mesures qui aideront à prévenir et gérer ces risques de façon plus ou moins efficace.<br/> |
| 650 #7 - VEDETTE-MATIÈRE - NOM COMMUN |
| Source du terme |
BI-BuBU |
| Vedette de sujet ou vedette comportant un nom géographique |
Risque géologique. Evaluation |
| Subdivision géographique |
Uvira (Cité) |
| 9 (RLIN) |
96204 |
| 650 #7 - VEDETTE-MATIÈRE - NOM COMMUN |
| Source du terme |
BI-BuBU |
| Vedette de sujet ou vedette comportant un nom géographique |
Risque hydrologique. Evaluation |
| Subdivision géographique |
Uvira (Cité) |
| 9 (RLIN) |
96209 |
| 655 #7 - TERME D'INDEXATION - GENRE OU FORME |
| Source du terme |
BI-BuBU |
| Données ou terme dominant sur le genre ou la forme |
Mémoire |
| 9 (RLIN) |
97057 |
| 700 1# - VEDETTE SECONDAIRE - NOM DE PERSONNE |
| Code de relation |
drt |
| Nom d'auteur |
Nahimana, Louis |
| 9 (RLIN) |
96206 |
| 710 ## - VEDETTE SECONDAIRE - NOM DE COLLECTIVITÉ |
| Nom de la collectivité ou nom de lieu comme élément de classement |
Université du Burundi |
| Collectivité subordonnée |
Faculté des sciences |
| 9 (RLIN) |
96207 |
| 942 ## - ÉLÉMENTS D'ENTRÉE ADDITIONNELLE (KOHA) |
| Source de la classification ou du système de rangement |
|
| Type d item koha |
Memoire |